000
00312nam a22001457a 4500
008
210311b ||||| |||| 00| 0 eng d
020
_a
9780632035076
041
_a
eng
080
_a
91
082
_a
91
100
_a
42
101
_a
GJEO
245
_a
Earth Surface Processes
_c
Allen,A.PH
942
_2
udc
_c
BK
999
_c
56370
_d
56370